| 000 | 00463cam a22001337a 4500 | ||
|---|---|---|---|
| 008 | 180718b1998 xxu||||| |||| 00| 0 eng d | ||
| 082 | _aJ4 D447 | ||
| 100 | _aDeRosa, Dean A. | ||
| 245 |
_aRegional integration arrangements: static economic theory, quantitative findings, and policy guidelines _cby Dean A. Derosa |
||
| 260 |
_aWashington, D.C. _bWorld Bank _c1998 |
||
| 300 | _a118p. | ||
| 440 | _aPolicy research working paper 2007 | ||
| 650 | _aRegional economics | ||
| 999 |
_c276585 _d276585 |
||